书目信息 |
| 题名: |
中国房市警告
|
|
| 作者: | 羊慧明 著 | |
| 分册: | ||
| 出版信息: | 北京 中国商业出版社 2007 |
|
| 页数: | 225页 | |
| 开本: | 21cm | |
| 丛书名: | ||
| 单 册: | ||
| 中图分类: | F299.233.5 | |
| 科图分类: | ||
| 主题词: | 房地产业--研究--中国 , 房地产业 | |
| 电子资源: | ||
| ISBN: | 978-7-5044-5362-4 | |
| 000 | 00934nam0 2200253 45 | |
| 001 | 1029902499 | |
| 005 | 20100428145504.34 | |
| 010 | @a978-7-5044-5362-4@dCNY28.00 | |
| 100 | @a20100420d2007 ekmy0chiy0120 ea | |
| 101 | 0 | @achi |
| 102 | @aCN@b110000 | |
| 105 | @ay z 000yy | |
| 106 | @ar | |
| 200 | 1 | @a中国房市警告@AZhong Guo Fang Shi Jing Gao@e房市到底能火多久@EFang Shi Dao Di Neng Huo Duo Jiu@f羊慧明著@FYang Hui Ming Zhu |
| 210 | @a北京@c中国商业出版社@d2007 | |
| 215 | @a225页@d21cm | |
| 330 | @a本书内容包括:房地产泡沫与调整、房地产泡沫背后的利益格局、房地产泡沫将拉大贫富悬殊、房地产泡沫将缩短中国经济高增长周期、国际房地产市场地经验和教训等。 | |
| 517 | 1 | @a房市到底能火多久@AFang Shi Dao Di Neng Huo Duo Jiu |
| 606 | 0 | @a房地产业@x研究@y中国 |
| 606 | 0 | @a房地产业 |
| 690 | @aF299.233.5@v4 | |
| 701 | 0 | @a羊慧明@AYang Hui Ming@4著 |
| 801 | 0 | @aCN@bTANGWEI@c20100428 |
| 905 | @b0593993-97@dF299.233.5@e910@f5 | |
| 中国房市警告:房市到底能火多久/羊慧明著.-北京:中国商业出版社,2007 |
| 225页;21cm |
| ISBN 978-7-5044-5362-4:CNY28.00 |
| 本书内容包括:房地产泡沫与调整、房地产泡沫背后的利益格局、房地产泡沫将拉大贫富悬殊、房地产泡沫将缩短中国经济高增长周期、国际房地产市场地经验和教训等。 |
| ● |
| 相关链接 |
|
|
|
|
正题名:中国房市警告
索取号:F299.233.5/910
 
预约/预借
| 序号 | 登录号 | 条形码 | 馆藏地/架位号 | 状态 | 备注 |
| 1 | 0593993 | 205939939 | 第一样本阅览室/ [索取号:F299.233.5/910] | 在馆 | |
| 2 | 0593994 | 205939948 | 第一借阅区/ [索取号:F299.233.5/910] | 在馆 | |
| 3 | 0593995 | 205939957 | 第一借阅区/ [索取号:F299.233.5/910] | 在馆 | |
| 4 | 0593996 | 205939966 | 第一借阅区/ [索取号:F299.233.5/910] | 在馆 | |
| 5 | 0593997 | 205939975 | 第一借阅区/ [索取号:F299.233.5/910] | 在馆 |